| 000 | 00561nam a2200169Ia 4500 | ||
|---|---|---|---|
| 005 | 20250923145302.0 | ||
| 008 | 008 250917s9999 xx 000 0 eng d | ||
| 037 | _aReports | ||
| 040 |
_aDSWL _beng _cDSWL |
||
| 041 |
_aeng _2eng |
||
| 084 |
_aYX,9V7.2, N62.1;1 _qDSWL |
||
| 245 | 0 |
_aReport of the Special Working Group in Cooperation Backward Classes _cby Ministry of Home Affairs |
|
| 260 |
_aNew Delhi _bGovt. of India, Ministry of Home Affairs _c1962 |
||
| 300 | _a220p. | ||
| 942 |
_cREP _hYX,9V7.2, N62.1;1 |
||
| 999 |
_c1449466 _d1449466 |
||